| 000 | 00483cab a2200193 4500 | ||
|---|---|---|---|
| 001 | WB2546-06 | ||
| 008 | 090401t1989 xxu||||| |||| 00| 0 eng d | ||
| 035 | _a(Sirsi) u4114 | ||
| 041 | _aeng | ||
| 245 | _aConstruction slump | ||
| 260 | _c1989 | ||
| 350 | _a0 | ||
| 490 |
_aFinancial Times _v23/11/89 p9 |
||
| 520 | _aLatest DoE figures confirm the downward trend for construction . | ||
| 650 | _aRECESSION | ||
| 690 | _aBUILT ENVIRONMENT | ||
| 942 | _n0 | ||
| 948 | _c04/03/1997 | ||
| 999 |
_c2461 _d2461 |
||